000 01105nam0a2200301 4500
001 RU\NLR\bibl\1272304
005 20260405091327.0
010 _a978-5-9921-0066-2
_97000
021 _aRU
_b2008-55878
_93102
021 _aRU
_b2008-1955и
_9109и
021 _aRU
_b2009-87648
_95516
021 _aRU
_b2011-97568
_96989
035 _a(NLR Aleph) 001258171
090 _a362076
_c362076
100 _a20080911d2007 |||y0rusy50 ca
101 0 _arus
102 _aRU
105 _aa |||||||||
200 1 _aДля чего нужны машины
_e[для детей дошкольного возраста
_eдля чтения взрослыми детям
_fхудож. Р. Рамазанов]
210 _aМосква
_cЛИНГ
_cЛИНГ-Книга
_d2007
215 _a[12] с.
_cцв. ил.
_d22
225 1 _aЧитаем с мамой
702 1 _4040
_8rus
_7ca
_aРамазанов
_bР.
_cхудожник, писатель
_gРустам
_3RU\NLR\auth\7732757
_915765
801 0 _aRU
_bNLR
_c20080911
_gRCR
801 1 _aRU
_bNLR
_c20080911
942 _cBOOK
980 _aNB